|
|
|
|
| LEADER |
00878nam a2200217 a 4500 |
| 001 |
12142600 |
| 008 |
090516s2000 caua b 001 0 eng d |
| 010 |
|
|
|a \\\00062688
|
| 020 |
|
|
|a 0761994602
|
| 040 |
|
|
|a DLC
|c DLC
|d DLC
|
| 082 |
0 |
0 |
|a 658.4/5
|2 21
|
| 100 |
1 |
|
|a Wakhlu, Savita Bhan,
|d 1959-
|
| 245 |
1 |
0 |
|a Managing presentations :
|b communicating with impact /
|c Savita Bhan Wakhlu.
|
| 260 |
|
|
|a Thousand Oaks, CA :
|b Sage Publications,
|c 2000.
|
| 300 |
|
|
|1 74, p. :
|b ill. ;
|c 23 cm.
|
| 504 |
|
|
|a Includes bibliographical references and index.
|
| 541 |
1 |
|
|e 00013183
|
| 650 |
|
0 |
|a Business presentations.
|
| 852 |
4 |
|
|a Ayesha Abed Library
|j General shelf
|
| 999 |
|
|
|c 1377
|d 1377
|
| 952 |
|
|
|0 0
|1 0
|2 ddc
|4 0
|6 658_450000000000000_WAK
|7 0
|9 1257
|a BRACUL
|b BRACUL
|c GEN
|d 2009-06-25
|g 0.00
|l 4
|m 10
|o 658.45 WAK
|p 3010013183
|r 2024-07-10
|s 2024-07-03
|t 1
|w 2009-06-25
|y BK
|x No price found in the accession register.
|